Horror Movie Franchises #15: Tremors - Statistics

General Stats
  • This quiz has been taken 31 times
  • The average score is 4 of 7
Answer Stats
Movie % Correct
Tremors
100%
Tremors: A Cold Day in Hell
58%
Tremors 3: Back to Perfection
54%
Tremors: Shrieker Island
54%
Tremors 2: Aftershocks
50%
Tremors 4: The Legend Begins
46%
Tremors 5: Bloodlines
46%
No matching quizzes found
Score Distribution
Percent of People with Each Score
Percentile by Number Answered
Your Score History
You have not taken this quiz